| 000 | 00645nam a22001337a 4500 | ||
|---|---|---|---|
| 040 | _cRUA | ||
| 082 | _aAGR LUO 2015 B474 Or.1 | ||
| 100 | _aLUON PISEY; លួន ពិសី | ||
| 245 | _aEffect of urea fertilization on the growth and a quantity of nitrate eisidue in lettuce; ឥទ្ធិពលនៃការប្រើប្រាស់ជីអ៊ុយរ៉េលើការលូតលាស់និងបរិមាណកាកសំណល់នីត្រាតនៅក្នុងដំណាំសាលាដ | ||
| 260 |
_aPhnom Penh _bRUA _c2015 |
||
| 300 |
_axiii;48p. _bill. _c29cm. |
||
| 856 | _uLUON PISEY | ||
| 942 | _cAGR | ||
| 999 |
_c8062 _d8062 |
||